| 000 | 02109cam a2200541Ia 4500 | ||
|---|---|---|---|
| 001 | sky238594477 | ||
| 003 | SKY | ||
| 005 | 20230623105758.0 | ||
| 008 | 140502t20082005nyuab b 000 1 eng d | ||
| 010 | _a2010284290 | ||
| 020 | _a9780545088381 (pbk.) | ||
| 020 | _a0545088380 (pbk.) | ||
| 035 | _a(OCoLC)227179040 | ||
| 040 |
_aJSY _cJSY _dBAKER _dOCLCQ _dDLC _dJRR _dSKYRV |
||
| 041 | _aeng | ||
| 050 | 0 | 0 |
_aPZ7.M507 _bJew 2008 |
| 082 | 0 | 0 |
_a[Fic] _223 |
| 100 |
_aMeadows, Daisy. _0(local)423871. |
||
| 245 | 1 | 4 |
_aThe Jewel fairies collection. _nVolume 1, _pBooks 1-4 / _cby Daisy Meadows ; illustrated by Georgie Ripper. |
| 260 |
_aNew York : _bScholastic, _c2008, c2005. |
||
| 300 |
_a271 p. : _bill., map ; _c20 cm. |
||
| 490 | _aRainbow Magic Jewel Fairies. | ||
| 490 | 1 | _aRainbow magic. | |
| 490 | 1 | _aLittle apple. | |
| 500 | _a"Four books in one!!"--Cover. | ||
| 500 | _aOriginally published individualy in the U.S.A. by Little Apple Paprebacks. | ||
| 505 | 0 | _aBook 1: India, the moonstone fairy -- Book 2: Scarlett, the garnet fairy -- Book 3:Emily, the emerald fairy -- Book 4: Chloe, the topaz fairy. | |
| 521 | 0 | _a2. | |
| 521 | 1 | _a006-009. | |
| 650 | 0 |
_aFairies _vJuvenile fiction. _0(local)342535. |
|
| 650 | 0 |
_aMoonstones _vJuvenile fiction. _0(local)537271. |
|
| 650 | 0 |
_aGarnet _vJuvenile fiction. _0(local)530027. |
|
| 650 | 0 |
_aEmeralds _vJuvenile fiction. _0(local)536271. |
|
| 650 | 0 |
_aTopaz _vJuvenile fiction. _0(local)845762. |
|
| 650 | 0 |
_aMagic _vJuvenile fiction. _0(local)342530. |
|
| 650 | 0 |
_aTheft _vJuvenile fiction. _0(local)344428. |
|
| 650 | 0 |
_aFrost, Jack (Fictitious character) _vJuvenile fiction. _0(local)461546. |
|
| 650 | 1 |
_aFantasy. _0(local)332841. |
|
| 655 | 7 |
_aFantasy fiction. _2gsafd _0(local)339114. |
|
| 700 |
_aRipper, Georgie. _eill. _0(local)423867. |
||
| 740 | 0 | _aIndia, the moonstone fairy. | |
| 740 | 0 | _aScarlett, the garnet fairy. | |
| 740 | 0 | _aEmily, the emerald fairy. | |
| 740 | 0 | _aChloe, the topaz fairy. | |
| 800 | 1 |
_aMeadows, Daisy. _tRainbow magic ; _0(local)426470. |
|
| 830 | 0 |
_aLittle apple. _0(local)335960. |
|
| 942 | _cBK | ||
| 999 |
_c28197 _d28197 |
||